000 00823nam a2200217Ii 4500
003 JO-AjNU
008 230605s9999||||xx |||||||||||||| ||und||
017 _a39094
020 _a9957-19-017-2
040 _aJO-AjNU
_bara
_erda
_cJO-AjNU
041 _aara
050 1 4 _aPJ8054 2007
100 3 _aمراجعة وتقديم الشيخ،خليل,
_eauthor
_911104
245 0 0 _aهاشم ياغي: أكاديميا، وناقدا، وإنسانا
264 3 1 _aعمان: دار الفارس للنشر، 2007 ؛ بيروت: المؤسسة العربية للدراسات، 2007
300 _a183ص
336 _atext
_btxt
_2rdacontent
337 _aunmediated
_bn
_2rdamedia
338 _avolume
_bnc
_2rdacarrier
650 4 _aالأدب العربي - تراجم - السيرة الذاتية - تاريخ ونقد
_911105
999 _aA2151
_c5719
_d5719